|
|
|
|
| LEADER |
01359nam a2200265 i 4500 |
| 001 |
c000178075 |
| 003 |
CARM |
| 005 |
20110627102301.0 |
| 008 |
850313s1978 0 eng d |
| 010 |
|
|
|a 78070712
|
| 019 |
1 |
|
|a 21947789
|z 47903098
|5 LACONCORD2021
|
| 035 |
|
|
|a (OCoLC)16434014
|5 LACONCORD2021
|
| 040 |
|
|
|a ANU
|b eng
|d ANU
|
| 111 |
2 |
|
|a Ben Lee Memorial International Conference on Parity Nonconservation, Weak Neutral Currents, and Gauge Theories,
|d (1977 :
|c Fermilab)
|
| 245 |
1 |
0 |
|a Unification of elementary forces and gauge theories :
|b papers presented at the Ben Lee Memorial International Conference on Parity Nonconservation, Weak Neutral Currents and Gauge Theories, Fermi National Accelerator Laboratory, [Batavia, Ill.], October 20-22, 1977 /
|c editors David B. Cline, Frederick E. Mills.
|
| 260 |
|
|
|a London :
|b Harwood Academic Publishers Ltd,
|c [1978].
|
| 300 |
|
|
|a xxi,770p :
|b ill ;22cm.
|
| 504 |
|
|
|a Index.
|
| 650 |
|
0 |
|a Particles (Nuclear physics)
|x Congresses.
|
| 700 |
1 |
|
|a Mills, Frederick E.
|
| 700 |
1 |
|
|a Cline, David B.
|
| 710 |
2 |
|
|a Fermi National Accelerator Laboratory (Batavia, Ill.)
|
| 852 |
8 |
|
|b CARM
|h A2:AK26C0
|i C06403
|p 0241862
|f BK
|
| 999 |
f |
f |
|i 9c77bed3-f52f-5023-b3dc-96bce951ac55
|s 149d1afe-1db3-5539-a974-431a820e4b01
|
| 952 |
f |
f |
|p Can circulate
|a CAVAL
|b CAVAL
|c CAVAL
|d CARM 1 Store
|e C06403
|f A2:AK26C0
|h Other scheme
|i book
|m 0241862
|